000 00471nam a2200181Ia 4500
008 090124s9999 xx 000 0 und d
082 _b31708
100 _aथोरे अशोक
245 _a ईनामी
250 _a1
260 _bआशिष प्रकाशन
_c1989
300 _a197
600 _aथोरे अशोक
630 _a ईनामी
700 _aथोरे अशोक
730 _a ईनामी
942 _cBOOK
999 _c97747
_d97747